00245nam a2200109Ia 4500008004100000020001800041082001400059100001200073245002600085260001200111500001200123260604s9999 xx 000 0 und d a9788197429347 a808.3 BLU aBLUEONE 0aBecause I respect You bBLUEONE aRespect